| 000 | 01056cab a22002175a 4500 | ||
|---|---|---|---|
| 001 | L150357 | ||
| 008 | 100702e20100327xxk 000 0 eng d | ||
| 035 | _a(Sirsi) u150357 | ||
| 041 | 0 | _aeng | |
| 100 | 1 | _aStarr, John | |
| 245 | 0 | 2 |
_aA lot of effort, but little to show for it _h[electronic resource] |
| 260 | _c2010 | ||
| 490 |
_aEstates Gazette _v(1012) 27 March 2010, 91(1) |
||
| 520 | _aDiscusses planned changes to the Housing Grants, Construction and Regeneration Act 1996 Part II, which are due to come into force next year. The changes relate to adjudication and the use of withholding notices. | ||
| 590 | _aKA | ||
| 650 | 2 | 4 | _aHOUSING GRANTS, CONSTRUCTION AND REGENERATION ACT 1996 |
| 651 | 4 |
_aEngland and Wales _y1543- |
|
| 690 | _aMANAGEMENT-DISPUTE AVOIDANCE, MANAGEMENT AND RESOLUTION-DISPUTE MANAGEMENT AND RESOLUTION-ALTERNATIVE DISPUTE RESOLUTION-ADJUDICATION | ||
| 856 | 4 | 1 |
_uhttps://www.boyesturner.com/pdfs/Construction%20Legislation%2027%20March%202010.pdf _zView the article free of charge at www.boyesturner.com |
| 942 | _n0 | ||
| 999 |
_c82474 _d82474 |
||